| 000 | 00416nam a22001697a 4500 | ||
|---|---|---|---|
| 999 |
_c532680 _d532680 |
||
| 003 | NUST | ||
| 005 | 20191128100225.0 | ||
| 008 | 191127b ||||| |||| 00| 0 eng d | ||
| 027 | _q B07C88JRXW | ||
| 038 | _aMSOHAIL | ||
| 082 | _a297 ISR | ||
| 100 |
_aDr. Israr Ahmed _926279 |
||
| 245 | _aThe Quran and World Peace .......\ | ||
| 260 |
_aLahore _bMarkazi Anjuman _cc2011 |
||
| 300 | _ap; 20 | ||
| 942 |
_2ddc _cBK |
||